Sports Quiz

Random Sports or Clickable Quiz

NBA player number &a quiz chain. Stats

 Plays Quiz not verified by Sporcle

Challenge
Share
Tweet
Embed
Score 0/30 Timer 06:00
0 Plays Today
% Correct
???
98.2%
???
97.7%
???
81.3%
???
46.8%
???
44.4%
???
43.3%
???
42.1%
???
36.3%
???
31.6%
???
31.6%
???
29.2%
???
28.7%
???
28.1%
???
27.5%
???
26.9%
% Correct
???
26.3%
???
26.3%
???
26.3%
???
25.7%
???
25.1%
???
24.6%
???
23.4%
???
21.6%
???
18.7%
???
17%
???
13.5%
???
12.9%
???
9.9%
???
7.6%
???
7.6%

You're not logged in!

Compare scores with friends on all Sporcle quizzes.
Join for Free
OR
Log In

You Might Also Like...

Show Comments

Extras

Created May 28, 2017ReportNominate
Tags:Clickable Quiz, NBA Quiz, player

Top Quizzes Today


Score Distribution

Your Account Isn't Verified!

In order to create a playlist on Sporcle, you need to verify the email address you used during registration. Go to your Sporcle Settings to finish the process.

Report this User

Report this user for behavior that violates our Community Guidelines.

Details: